01498cam a2200337 a 4500003000500000005001700005008004100022010001000063011001000073035001000083040000900093082001800102110006400120245019800184260009700382300001100479590004100490590004100531590004100572590004200613650003200655650002700687650005400714710013300768901000700901905002300908942001000931949006900941999001701010952013301027CHAP20220329142042.0990429s1998 mx o00110 spa d a77651 a78623 a88638 cCHAP04a607bP76 Jal.2 aPrograma Elemental de Asistencia Técnica. México992318 0aEvaluación del programa en el estado de :bJalisco PEAT-97c/coord. por UACH. Centro de Investigaciones Económicas, Sociales y Tecnológicas de la Agroindustria y de la Agricultura Mundial aMéxico, D.F. :bInstituto Nacional de Capacitacion del Sector Agropecuario. A.C.,c[1998?] a120 p. aBATCH-UPDb10c20130110lUCH01h1757 aBATCH-UPDb10c20130410lUCH01h1134 aBATCH-UPDb10c20130914lUCH01h0505 aCONVERSIONb10c20130109lUCH01h134314aAgriculturaxJalisco.9171414aAyuda técnica.9903514aProgramas de capacitaciónxEvaluación.9923770 aUACH. Centro de Investigaciones Económicas, Sociales y Tecnológicas de la Agroindustria y de la Agricultura Mundial.9115830 aBK aLilia Sánchez G. cLIBRO a607 P76 Jal.bBCcUACHd886381eUACHh95134i88638kDonaciØnsb c77651d77651 00104051708UACHaBCbBCcPA_UACHd2019-12-31fLIBROl0o607 P76 Jal.p33724002466991r2019-12-31 00:00:00w2019-12-31yLIBRO